Studies in the islam and science nexus / (Record no. 15110)

000 -LEADER
fixed length control field 01852nam a2200229 a 4500
001 - CONTROL NUMBER
control field ASIN0754629155
005 - DATE AND TIME OF LATEST TRANSACTION
control field 20170105102911.0
008 - FIXED-LENGTH DATA ELEMENTS--GENERAL INFORMATION
fixed length control field 131025s2012 xxu eng d
020 ## - INTERNATIONAL STANDARD BOOK NUMBER
International Standard Book Number 0754629155 (hardcover)
Terms of availability $300.00
020 ## - INTERNATIONAL STANDARD BOOK NUMBER
International Standard Book Number 9780754629153 (hardcover)
040 ## - CATALOGING SOURCE
Original cataloging agency 0
082 ## - DEWEY DECIMAL CLASSIFICATION NUMBER
Classification number 363.32509581
100 1# - MAIN ENTRY--PERSONAL NAME
Personal name Iqbal, Muzaffar.
245 10 - TITLE STATEMENT
Title Studies in the islam and science nexus /
Statement of responsibility, etc. Muzaffar Iqbal.
260 ## - PUBLICATION, DISTRIBUTION, ETC.
Place of publication, distribution, etc. [S.l.] :
Name of publisher, distributor, etc. Ashgate,
Date of publication, distribution, etc. 2012.
300 ## - PHYSICAL DESCRIPTION
Extent 564 p. ;
Dimensions 25 cm.
490 1# - SERIES STATEMENT
Series statement Islam and science: historic and contemporary perspectives.
520 ## - SUMMARY, ETC.
Summary, etc. This four volume series brings together the most important and influential articles dealing with various aspects of the relationship between Islam and science. The studies reflect historical, epistemological and philosophical issues and perspectives, and cover a wide spectrum of subject areas ranging from Islamic perspectives on cosmology and biological evolution to the relationship between the Qur'an and science, and contemporary issues in many fields where science and religion interact. The series sheds new light on historical links between modern science and the Islamic scientific tradition and also includes special studies on major voices in Islam and science discourse. Each volume in the series is thematically arranged, which makes clear the developments in various sub areas of the Islam and science nexus, and includes an introduction which presents an overview of the current status of research in the field. This series constitutes a comprehensive reference resource for libraries and academic researchers interested in all aspects of the Islam and science discourse.
830 #0 - SERIES ADDED ENTRY--UNIFORM TITLE
Uniform title Islam and science: historic and contemporary perspectives.
856 40 - ELECTRONIC LOCATION AND ACCESS
Materials specified Amazon.com
Uniform Resource Identifier <a href="http://www.amazon.com/exec/obidos/ASIN/0754629155/chopaconline-20">http://www.amazon.com/exec/obidos/ASIN/0754629155/chopaconline-20</a>
942 ## - ADDED ENTRY ELEMENTS (KOHA)
Source of classification or shelving scheme
Koha item type Book
Holdings
Withdrawn status Lost status Damaged status Not for loan Collection code Permanent Location Current Location Shelving location Date acquired Total Checkouts Full call number Barcode Date last seen Price effective from Koha item type
          Centre for International Peace & Stability (CIPS) Centre for International Peace & Stability (CIPS) General Stacks 10/02/2013   363.32509581 SHA 2012 CIPS0002113 10/30/2013 10/30/2013 Book
© 2023 Central Library, National University of Sciences and Technology. All Rights Reserved.